000 00559nam a2200193Ia 4500
005 20250923144849.0
008 008 250917s9999 xx 000 0 eng d
037 _aTextual
040 _aDSWL
_beng
_cDSWL
041 _aeng
_2eng
084 _aSM951n1.N45, H7
_qDSWL
245 4 _aThe psychoanalytic study of the child, Vol. II, 1946
_cEd. by A. Freud
260 _aNew York
_bInternational University
_c1947
300 _a424p.
365 _aINR
_b45
925 _g45
942 _cTEXL
_hSM951n1.N45, H7
999 _c1444319
_d1444319